Countries in North America - Statistics

General Stats
  • This quiz has been taken 104 times
  • The average score is 18 of 23
Answers on the Map
Answers color-coded by a green-red scale on the quiz's map according to % correct below.
 
Answer Stats
Answer % Correct
Canada
100%
Cuba
100%
Mexico
100%
United States
100%
Panama
91%
Haiti
86%
Jamaica
84%
Bahamas
79%
Dominica
79%
Dominican Republic
79%
Honduras
77%
Nicaragua
77%
Guatemala
72%
El Salvador
70%
Saint Kitts and Nevis
70%
Belize
67%
Costa Rica
65%
Saint Lucia
63%
Saint Vincent and the Grenadines
63%
Antigua and Barbuda
60%
Barbados
60%
Trinidad and Tobago
60%
Grenada
51%
No matching quizzes found
Score Distribution
Percent of People with Each Score
Percentile by Number Answered
Your Score History
You have not taken this quiz